Human capital - the basisi of the knowledge-based economy

Ekonomika založená na vedomostiach - pojmy. Úloha ľudského kapitálu pre ekonomický rast. Náklady a investície do vzdelávania. Slovensko ako ekonomika založená na vedomostiach.

Gespeichert in:
Bibliographische Detailangaben
1. Verfasser: Piovarčiová, Veronika, 1951-
Weitere Verfasser: Martincová, Marta, 1955-
Format: Buchkapitel
Sprache:Englisch
Schlagworte:
Tags: Tag hinzufügen
Keine Tags, Fügen Sie das erste Tag hinzu!

MARC

LEADER 00000naa$a2200000$$$4500
001 0227097
005 20240502083609.5
041 0 |a eng 
044 |a PL 
245 1 0 |a Human capital - the basisi of the knowledge-based economy  |c Veronika Piovarčiová, Marta Martincová 
520 |a Ekonomika založená na vedomostiach - pojmy. Úloha ľudského kapitálu pre ekonomický rast. Náklady a investície do vzdelávania. Slovensko ako ekonomika založená na vedomostiach. 
610 2 0 |a ekonomika znalostná 
610 2 0 |a pojmy 
610 2 0 |a kapitál ľudský 
610 2 0 |a vzdelávanie 
610 2 0 |a náklady 
610 2 0 |a investície 
610 2 0 |a univerzity 
610 2 0 |a školy vysoké 
610 2 0 |a Slovensko 
100 1 |a Piovarčiová, Veronika, 1951- 
700 1 |a Martincová, Marta, 1955-